Trendy v onkológii

Bibliographic Details
Other Authors: Koza, Ivan, 1940-2021 (Publishing director)
Format: Journal
Language:Slovak
PhysicalDescription:zv. 30 cm
Published: Bratislava Pharmedcons 2006-2008
ISSN:1337-0081
Subjects:

MARC

LEADER 00000cas a22000004a 4500
001 vtls008887831
003 SK-MaSNL
005 20260228162257.0
008 061204d20062008xo fr|p 0 b0slo
022 |a 1337-0081 
035 |a (SVKBB)vtls000253270 
040 |a SVKBB  |b slo  |c SVKBB  |d SNK  |d SAVUK  |e AACR2 
041 0 |a slo 
044 |a xo  |c SK 
072 7 |a 616-006  |x Tumory. Nádory. Blastómy. Choristómy. Hamartómy. Onkológia  |2 konspekt 
080 |a 616-006  |2 2001 
210 0 |a Trendy onkol. 
222 0 |a Trendy v onkológii 
245 0 0 |a Trendy v onkológii 
260 |a Bratislava  |b Pharmedcons  |c 2006-2008 
300 |a zv.  |c 30 cm 
310 |a 2x ročne  |b 2008, č. 2 
321 |a 6x ročne  |b 2006 
321 |a 4x ročne  |b 2007-2008, č. 1 
362 0 |a Roč. 1, č. 1 (29. sept. 2006)-roč. 3, č. 2 (2008) 
500 |a V jednotlivých rokoch vyšli len č. 1, 2 
500 |a Od r. 2009 vydávanie pozastavené 
500 |a Šéfredaktor: (2006-), Ivan Koza 
500 |a Registračné č. MK SR 3547/2006 
650 0 7 |a onkológia  |2 SNKPH  |9 2540 
655 7 |a odborné časopisy  |2 SNKPH  |9 70505 
700 1 |a Koza, Ivan,  |d 1940-2021  |4 pbd  |9 215569 
852 |a Štátna vedecká knižnica v Banskej Bystrici 
910 |a savuk 
910 |a snk 
916 |a 2006-2008 
999 |c 7398  |d 9328 
952 |0 0  |1 0  |4 0  |7 0  |8 0  |a SNK  |b SNK  |d 2013-11-13  |f 1  |i snk2013/27644  |l 0  |o snkČSB 5831/1/2006  |p 17A1086661  |r 2026-02-21 21:43:42  |t č. 1-2  |w 2026-02-21  |y PREZ 
952 |0 0  |1 0  |4 0  |7 0  |8 0  |a SNK  |b SNK  |d 2013-11-13  |i snk2013/27645  |l 0  |o snkČSB 5831/1/2006 D1  |p 17A1086662  |r 2026-02-21 21:43:42  |t č. 1-2  |w 2026-02-21  |y PREZ 
952 |0 0  |1 0  |4 0  |7 0  |8 0  |a SNK  |b SNK  |d 2013-11-13  |f 1  |i snk2013/27647  |l 0  |o snkČSB 5831/2/2007  |p 17A1086663  |r 2026-02-21 21:43:42  |t č. 1-2  |w 2026-02-21  |y PREZ 
952 |0 0  |1 0  |4 0  |7 0  |8 0  |a SNK  |b SNK  |d 2013-11-13  |i snk2013/27648  |l 0  |o snkČSB 5831/2/2007 D1  |p 17A1086664  |r 2026-02-21 21:43:42  |t č. 1-2  |w 2026-02-21  |y PREZ 
952 |0 0  |1 0  |4 0  |7 0  |8 0  |a SNK  |b SNK  |d 2013-11-13  |f 1  |i snk2013/27650  |l 0  |o snkČSB 5831/3/2008  |p 17A1086665  |r 2026-02-21 21:43:42  |t č. 1-2  |w 2026-02-21  |y PREZ 
952 |0 0  |1 0  |4 0  |7 0  |8 0  |a SNK  |b SNK  |d 2013-11-13  |i snk2013/27651  |l 0  |o snkČSB 5831/3/2008 D1  |p 17A1086666  |r 2026-02-21 21:43:42  |t č. 1-2  |w 2026-02-21  |y PREZ